| 000 -LEADER |
| fixed length control field |
00567cas a2200169 4500 |
| 022 0# - INTERNATIONAL STANDARD SERIAL NUMBER |
| ISSN |
0250-6505 |
| 040 ## - CATALOGING SOURCE |
| Transcribing agency |
DLC |
| 082 ## - DEWEY DECIMAL CLASSIFICATION NUMBER |
| Classification number |
UNI RDD 2007 C279 Or. |
| 245 00 - TITLE STATEMENT |
| Title |
Regional development dialogue |
| Remainder of title |
Vol. 27, No. 2, Autumn 2006 |
| 260 ## - PUBLICATION, DISTRIBUTION, ETC. (IMPRINT) |
| Place of publication |
Nagoya, Japan, |
| Name of publisher |
United Nations Centre for Regional Development |
| 300 ## - PHYSICAL DESCRIPTION |
| Number of Pages |
v. |
| Other physical details |
ill. |
| Dimensions |
26 cm |
| 500 ## - GENERAL NOTE |
| General note |
"An international journal focusing on third world development problems." |
| 650 #0 - SUBJECT ADDED ENTRY--TOPICAL TERM |
| Topical Term |
Regional planning |
| 650 #0 - SUBJECT ADDED ENTRY--TOPICAL TERM |
| Topical Term |
Regional planning |
| 710 2# - ADDED ENTRY--CORPORATE NAME |
| Corporate name or jurisdiction name as entry element |
United Nations Centre for Regional Development |
| 942 ## - ADDED ENTRY ELEMENTS (KOHA) |
| Koha item type |
ADB |
| 952 ## - LOCATION AND ITEM INFORMATION (KOHA) |
| Withdrawn status [LOCAL, KOHA] |
0 |
| 952 ## - LOCATION AND ITEM INFORMATION (KOHA) |
| Withdrawn status [LOCAL, KOHA] |
0 |
| 952 ## - LOCATION AND ITEM INFORMATION (KOHA) |
| Withdrawn status [LOCAL, KOHA] |
0 |